=LDR 00000nam 2200000 4500 =001 INLIS000000000041599 =005 20130612151125 =008 ***********************************ind** =035 ##$$0010-061300000041599 =041 ##$$a ind =082 ##$$a 650.1 =090 ##$$a 650.1, Mas, s =100 ##$$a masterson, Michael =245 ##$$a Swvwn ywear to seven figures, kiat jitu untuk miliader dalam tujuh tahun =260 ##$$a 2007 $b Jakarta =300 ##$$a 276 hlm., 23 cm =850 ##$$a NBPNMAT